000 00457nam a2200169Ia 4500
003 GCL
008 140319s9999 xx 000 0 ara d
040 _aGCL /
_cGCL
082 0 4 _a819.9
_bع أ
100 1 _aعباس محمود العقاد
245 1 0 _aالأنسان فى القرآن /
_cعباس محمود العقاد
490 _aكتاب
_v0
650 0 4 _aالاسلام
650 0 4 _aالعلوم
650 0 4 _aالقران
942 _2ddc
_cBK
999 _c42110
_d42110